000 00609nam a2200205Ia 4500
005 20250508160451.0
008 008 250505s9999 xx 000 0 eng d
037 _aTextBook
040 _aFEDL
_beng
_cFEDL
041 _aeng
_2eng
084 _a379.111, SHA
_qFEDL
100 _aSharma G S
245 0 _aEducation planning : Its legal and constitutional implications in India
260 _aBombay, India
_bN.M. Tripathi Pvt. Ltd.
_c1967
300 _avi,279p
365 _aINR
_b15
650 _aGovernment Regulation
_9759433
942 _cTB
_h379.111, SHA
999 _c1364781
_d1364781